Wyatt and ors v WN Enterprises Limited (Record no. 121943)
[ view plain ]
| 000 -LEADER | |
|---|---|
| fixed length control field | 02002naa a22002417a 4500 |
| 008 - FIXED-LENGTH DATA ELEMENTS--GENERAL INFORMATION | |
| fixed length control field | 240531e20240402xxk||||os||||o00| 0 eng d |
| 041 ## - LANGUAGE CODE | |
| Language code of text/sound track or separate title | eng |
| 245 ## - TITLE STATEMENT | |
| Title | Wyatt and ors v WN Enterprises Limited |
| 260 ## - PUBLICATION INFORMATION | |
| Place of publication | LON/00BA/HYI/2023/0017, |
| Publisher | First-Tier Tribunal Property Chamber, |
| Date | 2 April 2024 |
| 520 ## - ABSTRACT | |
| Abstract | Spur House was previously an office block that was converted to provide the 39 flats with the commercial gym area on the ground floor. The Applicants were six long leaseholders of units within Spur House and the Respondent was the freehold owner. The Respondent was responsible for the re-development of Spur House in 2016. <br/>Defective insulation (not installed in accordance with manufacturers guidance) and balcony defects (the balconies were constructed of combustible timer decking, timber edge protection/barriers and privacy screens). <br/><br/>The Decision: <br/>The parties indicated that the general terms of the remediation order were agreed. The FTT raised a number of points regarding the format of the order – specifically in respect of items that went beyond what could be included in the same, for example a term that a third-party contractor approve and supervise the works. Instead, the FTT suggested that this be included by way of recital to the order (as opposed to a term of the order). Amendments were also made in respect of involving the Building Safety Regulator ('BSR') and the London Fire Brigade ('LFB') - namely that they be informed of the Respondent's compliance with the terms of the remediation order. <br/><br/> |
| 650 ## - KEYWORDS | |
| Keywords | BALCONIES |
| 650 ## - KEYWORDS | |
| Keywords | BUILDING SAFETY ACT 2022 |
| 650 ## - KEYWORDS | |
| Keywords | CLADDING |
| 650 ## - KEYWORDS | |
| Keywords | DEFECTIVE MATERIALS |
| 650 ## - KEYWORDS | |
| Keywords | INSULATION |
| 650 ## - KEYWORDS | |
| Keywords | FIRE SAFETY |
| 650 ## - KEYWORDS | |
| Keywords | JUDGMENT |
| 650 ## - KEYWORDS | |
| Keywords | LANDLORD AND TENANT ACT 1985 |
| 650 ## - KEYWORDS | |
| Keywords | REMEDIATION |
| 650 ## - KEYWORDS | |
| Keywords | REMEDIATION ORDERS |
| 651 ## - SUBJECT ADDED ENTRY--GEOGRAPHIC NAME | |
| Geographic name | United Kingdom |
| 856 ## - ONLINE RESOURCE | |
| Uniform Resource Identifier | https://assets.publishing.service.gov.uk/media/660ed6e39f92ac0011516d0e/Spur_Building.pdf |
| Public note | Available from FTT |
| Withdrawn status | Lost status | Damaged status | Koha normalized classification for sorting | Not for loan | Home library | Current library | Shelving location | Date acquired | Total Checkouts | Full call number | Date last seen | Price effective from | Koha item type |
|---|---|---|---|---|---|---|---|---|---|---|---|---|---|
| ONLINE_JUDGMENT | Virtual | Virtual | Online | 31/05/2024 | ONLINE JUDGMENT | 31/05/2024 | 31/05/2024 | Law report |